00243 a2200097 4500082001900000100001500019245003700034260003000071300002000101650002400121 a363.348068 GHO aGhosh,G.K. aDisaster Management /cG.K.Ghosh aNew Delhi :cA.P.H.b2006 avolumes :c25cm adisaster management